|
|
|
|
| LEADER |
01748nam a22003972a 4500 |
| 001 |
000180297 |
| 003 |
CZ BrMZK |
| 005 |
20080429092214.0 |
| 007 |
ta |
| 008 |
970103s1991 xr f cze d |
| 015 |
|
|
|a cnb000058858
|
| 035 |
|
|
|a (OCoLC)85666143
|
| 040 |
|
|
|a BOA001
|b cze
|
| 080 |
9 |
|
|a 656.21
|
| 100 |
1 |
|
|a Kubát, Bohumil,
|d 1932-2024
|7 jn20000710358
|4 aut
|
| 245 |
1 |
0 |
|a Železniční stanice a uzly :
|b určeno pro studující fakulty stavební /
|c Bohumil Kubát, Petr Tyc
|
| 250 |
|
|
|a 1. vyd.
|
| 260 |
|
|
|a Praha :
|b České vysoké učení technické,
|c 1991
|
| 300 |
|
|
|a 173 s.
|
| 490 |
1 |
|
|a Učební texty vysokých škol
|
| 500 |
|
|
|a Rozmnoženo
|
| 504 |
|
|
|a Obsahuje bibliografii
|
| 550 |
|
|
|a Vyd.: České vysoké učení technické v Praze, Stavební fakulta
|
| 700 |
1 |
|
|a Tyc, Petr,
|d 1926-
|7 jk01140534
|4 aut
|
| 710 |
2 |
|
|a České vysoké učení technické v Praze.
|b Stavební fakulta
|7 kn20010710181
|
| 810 |
2 |
|
|a České vysoké učení technické v Praze.
|t Učební texty
|0 s
|
| 856 |
4 |
1 |
|u http://www.digitalniknihovna.cz/mzk/uuid/uuid:b59638e0-5a2f-11e2-8f49-005056827e51
|y Digitalizovaný dokument
|x NDK
|
| 910 |
|
|
|a BOA001
|b TK-A-0246.645
|b 4-0964.748
|
| 964 |
|
|
|a Stanice železniční - učebnice - školy vysoké
|
| 964 |
|
|
|a Uzly železniční - učebnice - školy vysoké
|
| 964 |
|
|
|a Nádraží železniční - učebnice - školy vysoké
|
| 990 |
|
|
|a BK
|
| 991 |
|
|
|b 200804
|
| 996 |
7 |
|
|b 2619503766
|c 4-0964.748
|l MZK
|r Sklad / do 1 hodiny
|n 0
|w 000180297
|u 000030
|a 1
|e BOA001
|j MZK50
|s A
|
| 996 |
7 |
|
|b 2629989604
|c TK-A-0246.645
|l MZK
|r Sklad / do 24 hodin
|n 1
|w 000180297
|u 000010
|a 1
|e BOA001
|j MZK50
|s A
|
| 996 |
7 |
|
|b 2629989605
|c TK-A-0246.645
|l MZK
|r Sklad / do 24 hodin
|n 2
|w 000180297
|u 000020
|a 1
|e BOA001
|j MZK50
|s A
|